Statystyki dla Lech Poznań, wiosna 2018/2019

Kliknij tutaj aby rozwiązać quiz!

Ogólne statystyki

  • Ten quiz został rozwiązany 312 razy
  • Średni wynik to 16 z 29

Statystyki odpowiedzi

PozycjaImię i Nazwisko% Poprawnych
BramkarzJasmin Buric
94%
ObrońcaRobert Gumny
85%
BramkarzMatus Putnocky
80%
PomocnikŁukasz Trałka
79%
NapastnikChristian Gytkjaer
78%
PomocnikPedro Tiba
73%
PomocnikKamil Jóźwiak
71%
ObrońcaNikola Vujadinovic
70%
PomocnikFilip Marchwiński
67%
PomocnikJoao Amaral
67%
PomocnikMaciej Gajos
67%
ObrońcaVolodymyr Kostevych
63%
ObrońcaRafał Janicki
63%
PomocnikDarko Jevtic
62%
PomocnikMaciej Makuszewski
61%
ObrońcaThomas Rogne
61%
PomocnikTymoteusz Klupś
50%
ObrońcaMarcin Wasielewski
40%
ObrońcaVernon De Marco
39%
ObrońcaPiotr Tomasik
36%
PomocnikMihai Radut
34%
ObrońcaDmitris Goutas
34%
BramkarzKarol Szymański
33%
NapastnikTimur Zhamaletdinov
33%
PomocnikTomasz Cywka
30%
ObrońcaMateusz Skrzypczak
26%
ObrońcaWiktor Pleśnierowicz
20%
PomocnikJuliusz Letniowski
19%
BramkarzKrzysztof Bąkowski
17%

Rozkład punktacji

Percentyl według liczby udzielonych odpowiedzi

Procent ludzi z każdym wynikiem

Twoja historia wyników

Nie rozwiązałeś tego quizu